[Event "Medellin Aristizabal Cup"]
[Site "Medellin"]
[Date "2018.07.07"]
[Round "5"]
[White "Bedoya Canas, Maria Isabel"]
[Black "Vergara Echeverri, Juanita"]
[Result "1-0"]
[WhiteElo "1358"]
[BlackElo "1341"]
[PlyCount "47"]
[EventDate "2018.07.04"]
[EventType "swiss"]
[EventRounds "7"]
[EventCountry "COL"]
[SourceTitle "CBM 185 Extra"]
[Source "ChessBase"]
[SourceDate "2018.07.29"]
[SourceVersion "1"]
[SourceVersionDate "2018.07.29"]
[SourceQuality "1"]

1. e4 c5 2. Nf3 d6 3. d4 cxd4 4. Nxd4 Nf6 5. Nc3 g6 6. Bg5 Bg7 7. Qd2 0-0 8. 0-0-0 Bg4 9. f3 Be6 10. Nxe6 fxe6 11. e5 Nd5 12. Nxd5 exd5 13. Qxd5+ Kh8 14. Qxb7 Nd7 15. Rxd6 Nc5 16. Rxd8 Nxb7 17. Rxa8 Rxa8 18. Bxe7 Bxe5 19. Bc4 h5 20. Re1 Bxh2 21. Bf6+ Kh7 22. Re7+ Kh6 23. Rxb7 Rf8 24. Bg7+ 1-0

[Event "Medellin Aristizabal Cup"]
[Site "Medellin"]
[Date "2018.07.04"]
[Round "1"]
[White "Toro Castaneda, Miguel Angel"]
[Black "Vergara Echeverri, Juanita"]
[Result "1-0"]
[WhiteElo "1929"]
[BlackElo "1341"]
[PlyCount "53"]
[EventDate "2018.07.04"]
[EventType "swiss"]
[EventRounds "7"]
[EventCountry "COL"]
[SourceTitle "CBM 185 Extra"]
[Source "ChessBase"]
[SourceDate "2018.07.29"]
[SourceVersion "1"]
[SourceVersionDate "2018.07.29"]
[SourceQuality "1"]

1. e4 c5 2. Nf3 d6 3. d4 cxd4 4. Nxd4 Nf6 5. Nc3 g6 6. Be3 Bg7 7. f3 0-0 8. Bc4 Nc6 9. Qe2 Nxd4 10. Bxd4 Bd7 11. 0-0-0 a6 12. h4 b5 13. Bb3 e6 14. h5 a5 15. Nxb5 Bxb5 16. Qxb5 Nxh5 17. Bxg7 Nxg7 18. Rh3 e5 19. Kb1 Qe7 20. Rdh1 h5 21. g4 Qg5 22. Qf1 Ne6 23. gxh5 Nf4 24. R3h2 Nxh5 25. Rxh5 Qf4 26. Rf5 Qe3 27. Qh3 1-0